02141nam a2200409 a 4500001001200000003000800012006001900020007001500039008004100054010001700095015001900112016001800131020003900149020003600188040002100224035002100245043001200266050002400278082001500302100005100317245015500368246002600523260004500549300002300594504006400617505040800681533015201089600007601241600007101317650005601388650006001444650003801504655002901542710001701571856012601588999001701714ebr10276634CaPaEBRm u cr cn|||||||||080418s2008 ohua sb s001 0 eng  z 2008017863 aGBA8734232bnb7 z0146334652Uk z9780821418161 (cloth : alk. paper) z0821418165 (cloth : alk. paper) aCaPaEBRcCaPaEBR a(OCoLC)646797989 ae-uk-en14aPR5238b.W35 2008eb04a821/.82221 aWaldman, Suzanne M.q(Suzanne Maureen),d1970-14aThe demon & the damozelh[electronic resource] :bdynamics of desire in the works of Christina Rossetti and Dante Gabriel Rossetti /cSuzanne Waldman.3 aDemon and the damozel aAthens :bOhio University Press,cc2008. aix, 202 p. :bill. aIncludes bibliographical references (p. 187-196) and index.0 aThe transcendental tendency in Christina Rossetti's poetry of love and devotion -- The superegoic demon in Christina Rossetti's gothic and fantasy writings -- Imaginary oscillation in Dante Gabriel Rossetti's illustrations of Dante -- The symbolic perfection of the imaginary in Dante Gabriel Rossetti's The house of life -- Hysterical desire in Dante Gabriel Rossetti's narrative poems and portraiture. aElectronic reproduction.bPalo Alto, Calif. :cebrary,d2013.nAvailable via World Wide Web.nAccess may be limited to ebrary affiliated libraries.10aRossetti, Christina Georgina,d1830-1894xCriticism and interpretation.10aRossetti, Dante Gabriel,d1828-1882xCriticism and interpretation. 0aArt and literaturezEnglandxHistoryy19th century. 0aLiterature and societyzEnglandxHistoryy19th century. 0aAesthetics, Moderny19th century. 7aElectronic books.2local2 aebrary, Inc.40uhttp://site.ebrary.com/lib/rucke/Doc?id=10276634zAn electronic book accessible through the World Wide Web; click to view c20355d20355